000 01254nam a2200337 a 4500
001 63016
003 BD-RjUL
005 20211209081142.0
008 170128s2008 miu s000 1 eng d
020 _a9781929280469 (cloth : alk. paper)
035 _a(BD-RjUL)63144
035 _a(OCoLC)228744325
035 _a(DLC)2008021900
035 _a(UkLCURL)982008021900
040 _aDLC
_cDLC
_dBTCTA
_dOCLCG
_dYDXCP
_dBD-RjUL
_dDLC
_beng
041 1 _aeng
_hjpn
082 0 0 _a895.635
_222
_bYOW 2008
090 _aLCo
100 1 _aYoshikichi, Furui
_d1937-
_9187462
245 1 0 _aWhite-haired melody /
_cFurui Yoshikichi ; translated by Meredith McKinney.
260 _aAnn Arbor, Mich. :
_bCenter for Japanese Studies, The University of Michigan,
_c2008.
300 _a275 p. ;
_c24 cm.
500 _a"This book has been selected by the Japanese Literature Publishing Project (JLPP)"--T.p. verso.
650 0 _aJapanese literature
_vTranslations into English.
_9187114
700 1 _aMcKinney, Meredith,
_d1950-
_9187463
710 2 _aJapanese Literature Publishing Project.
_9185470
830 0 _aMichigan monograph series in Japanese studies ;
_vno. 61
_9187465
942 _2ddc
_cBK
999 _c63016
_d63016